Primi 15 paesi interessati da Covid-19 - 9 settembre - Statistics

Statistiche generali
  • Questo quiz è stato fatto 9 volte
  • Il punteggio medio è 10 su 23
Statistiche sulle risposte
paese % Corretto
Stati Uniti
100%
Francia
88%
Argentina
75%
Brasile
75%
India
75%
Messico
75%
Spagna
75%
Regno Unito
63%
Russia
63%
Cile
50%
Cile
50%
Colombia
50%
Perù
50%
Iran
38%
Sudafrica
38%
Israele
25%
Bahrain
13%
Bangladesh
13%
Panama
13%
Qatar
13%
Armenia
0%
Kuwait
0%
Oman
0%
Nessun quiz corrispondente trovato
Distribuzione punteggi
Percentuale di utenti per punteggio
Percentile per numero di risposta
I tuoi punteggi nel tempo
Non hai fatto questo quiz